00472nam a2200169Ia 450000500170000000800410001702000180005804100080007608200130008410000150009724500680011226000410018030000090022150000290023065000280025970000150028720251121222604.0230125s9999 xx 000 0 und d a9788184958676 aeng a658bRAN aRandhawa J aThe Bright Idea BoxbProvan system to drive employee engagement c2016bJaico Publishing HouseaMumbai a257p aPersonality Development  aPersonality Development aRandhawa J